| 000 | 01300cam a2200325 4500 | ||
|---|---|---|---|
| 001 | ABS68348 | ||
| 008 | 041018n2004 000 0 eng u | ||
| 035 | _a(Sirsi) u127736 | ||
| 100 | _aHeller, A. | ||
| 245 | _aEvery little helps | ||
| 260 | _c2004 | ||
| 490 |
_aHouse Builder _v63(9) October 2004, 19-23(3) |
||
| 520 | _aReports on innovative supermarket chain Tesco's move into private sector house building both for profit and to play a crucial role in the government sustainable communities' agenda. Traces Tesco's involvement in the residential development scene from its London mixed residential/retail schemes in Hammersmith in 1995 and Kensington in 1998 to its proposed 104 apartment scheme on the site of the former south London Women's Hospital in Clapham and a major mixed use scheme in Streatham. Tesco's future is as a developer not just a retailer. | ||
| 590 | _aABS | ||
| 590 | _aABS | ||
| 650 | _aRETAIL DEVELOPMENT | ||
| 650 | _aTORQUAY | ||
| 650 | _aLONDON | ||
| 650 | _aKENSINGTON | ||
| 650 | _aHAMMERSMITH | ||
| 650 | _aCLAPHAM | ||
| 650 | _aWOOD GREEN | ||
| 650 | _aISLINGTON | ||
| 650 | _aSTREATHAM | ||
| 650 | _aTESCO | ||
| 650 | _aMIXED-USE DEVELOPMENTS | ||
| 650 | _aRESIDENTIAL DEVELOPMENT | ||
| 690 | _aHOUSING-DEVELOPMENT | ||
| 942 | _n0 | ||
| 999 |
_c118182 _d118182 |
||